| 000 | 00660nam a22002297a 4500 | ||
|---|---|---|---|
| 005 | 20170124110048.0 | ||
| 010 | _aA-584224 | ||
| 020 | _c60.00 | ||
| 035 | _aA-584224 | ||
| 037 | _bCen Lib/Ret | ||
| 040 |
_aDPL _bEN |
||
| 082 |
_a795.415 _bZIA |
||
| 100 |
_aZia Mahmood _924774 |
||
| 245 |
_aBridge my way / _cby Zia Mahmood;edted by Philip Alder |
||
| 260 |
_aCalcutta _bRupa & Co. _c1992 |
||
| 270 |
_a15, Bankim Chatterjee Street _bCalcutta _e700073 |
||
| 300 |
_aviii,190p. _c19cm(Hb) |
||
| 650 |
_a Bridge _924775 |
||
| 650 |
_aContract - Bridge _924776 |
||
| 700 |
_a Alder, Philip _9107368 |
||
| 942 |
_2ddc _cEN _h795.415 _mZIA |
||
| 999 |
_c128903 _d128903 |
||